Images That Start with 'W' Quiz Stats

 Plays Quiz Updated Nov 8, 2017

Challenge
Share
Tweet
Score 0/20 Timer 04:00
0 Plays Today
% Correct
watermelon
98.1%
waffle
97.3%
wasp
96.5%
walnuts
96%
wrench
94%
wheelbarrow
93.9%
whisk
92%
willow
86.1%
wok
79.1%
warthog
77.3%
% Correct
washer
74.2%
wicker
73.3%
Wisconsin
72.5%
woodpecker
71.7%
wallaby
69.5%
wake
65.7%
waterlily
62.4%
wombat
52%
whippet
44.4%
wisteria
33.1%

You're not logged in!

Compare scores with friends on all Sporcle quizzes.
Join for Free
OR
Log In

You Might Also Like...

Show Comments

Extras

Top Quizzes Today


Score Distribution

Your Account Isn't Verified!

In order to create a playlist on Sporcle, you need to verify the email address you used during registration. Go to your Sporcle Settings to finish the process.

Report this User

Report this user for behavior that violates our Community Guidelines.

Details: